Công tác giáo viên chủ nhiệm ở trường phổ thông
v...v
Đã lưu trong:
| Tác giả chính: | |
|---|---|
| Định dạng: | Sách |
| Năm xuất bản: |
H.
GIáo dục
1998.
|
| Chủ đề: | |
| Tags: |
Thêm thẻ
Không có thẻ, Hãy là người đầu tiên gắn thẻ bản ghi này!
|
| LEADER | 02160nam a2200289 4500 | ||
|---|---|---|---|
| 082 | |a 373 |b H100NH | ||
| 100 | |a Hà Nhật Thăng | ||
| 245 | |a Công tác giáo viên chủ nhiệm ở trường phổ thông |c Hà Nhật Thăng | ||
| 260 | |a H. |b GIáo dục |c 1998. | ||
| 300 | |a 72tr. |c 21cm. | ||
| 520 | |a v...v | ||
| 653 | |a Giáo dục | ||
| 653 | |a Trường phổ thông | ||
| 653 | |a Giáo viên chủ nhiệm | ||
| 942 | |2 ddc |c STK0 | ||
| 999 | |c 10091 |d 10091 | ||
| 952 | |0 0 |1 0 |2 ddc |4 0 |6 373_000000000000000_H100NH |7 0 |8 300 |9 78825 |a qbu |b qbu |c D2 |d 2015-07-17 |g 3000 |o 373 H100NH |p 10159.c1 |r 0000-00-00 |w 2015-07-17 |y STK0 | ||
| 952 | |0 0 |1 0 |2 ddc |4 0 |6 373_000000000000000_H100NH |7 0 |8 300 |9 78826 |a qbu |b qbu |c D2 |d 2015-07-17 |g 3000 |o 373 H100NH |p 10159.c2 |r 0000-00-00 |w 2015-07-17 |y STK0 | ||
| 952 | |0 0 |1 0 |2 ddc |4 0 |6 373_000000000000000_H100NH |7 0 |8 300 |9 78827 |a qbu |b qbu |c D2 |d 2015-07-17 |g 3000 |o 373 H100NH |p 10159.c3 |r 0000-00-00 |w 2015-07-17 |y STK0 | ||
| 952 | |0 0 |1 0 |2 ddc |4 0 |6 373_000000000000000_H100NH |7 0 |8 300 |9 78828 |a qbu |b qbu |c D2 |d 2015-07-17 |g 3000 |o 373 H100NH |p 10159.c4 |r 0000-00-00 |w 2015-07-17 |y STK0 | ||
| 952 | |0 0 |1 0 |2 ddc |4 0 |6 373_000000000000000_H100NH |7 0 |8 300 |9 78829 |a qbu |b qbu |c D2 |d 2015-07-17 |g 3000 |o 373 H100NH |p 10159.c5 |r 0000-00-00 |w 2015-07-17 |y STK0 | ||
| 952 | |0 0 |1 0 |2 ddc |4 0 |6 373_000000000000000_H100NH |7 0 |8 300 |9 78830 |a qbu |b qbu |c D2 |d 2015-07-17 |g 3000 |o 373 H100NH |p 10159.c6 |r 0000-00-00 |w 2015-07-17 |y STK0 | ||
| 952 | |0 0 |1 0 |2 ddc |4 0 |6 373_000000000000000_H100NH |7 0 |8 300 |9 78831 |a qbu |b qbu |c D2 |d 2015-07-17 |g 3000 |o 373 H100NH |p 10159.c7 |r 0000-00-00 |w 2015-07-17 |y STK0 | ||
| 952 | |0 0 |1 0 |2 ddc |4 0 |6 373_000000000000000_H100NH |7 0 |8 300 |9 78832 |a qbu |b qbu |c D2 |d 2015-07-17 |g 3000 |o 373 H100NH |p 10159.c8 |r 0000-00-00 |w 2015-07-17 |y STK0 | ||
| 952 | |0 0 |1 0 |2 ddc |4 0 |6 373_000000000000000_H100NH |7 0 |8 300 |9 78833 |a qbu |b qbu |c D2 |d 2015-07-17 |g 3000 |o 373 H100NH |p 10159.c9 |r 0000-00-00 |w 2015-07-17 |y STK0 | ||
| 952 | |0 0 |1 0 |2 ddc |4 0 |6 373_000000000000000_H100NH |7 0 |8 300 |9 78834 |a qbu |b qbu |c D2 |d 2015-07-17 |g 3000 |o 373 H100NH |p 10159.c10 |r 0000-00-00 |w 2015-07-17 |y STK0 | ||
| 952 | |0 0 |1 0 |2 ddc |4 0 |6 373_000000000000000_H100NH |7 0 |8 300 |9 78835 |a qbu |b qbu |c D2 |d 2015-07-17 |g 3000 |o 373 H100NH |p 10159.c11 |r 0000-00-00 |w 2015-07-17 |y STK0 | ||